[Event "Budapest Rakosmente op 19th"]
[Site "Budapest"]
[Date "2021.07.03"]
[Round "4"]
[White "Safar, Istvan"]
[Black "Nagy, Daniel2222"]
[Result "1/2-1/2"]
[WhiteElo "1677"]
[BlackElo "1352"]
[PlyCount "119"]
[EventDate "2021.07.01"]
[EventType "swiss"]
[EventRounds "6"]
[EventCountry "HUN"]
[SourceTitle "CBM 203 Extra"]
[Source "ChessBase"]
[SourceDate "2021.09.30"]
[SourceVersion "1"]
[SourceVersionDate "2021.09.30"]
[SourceQuality "1"]

1. d4 Nf6 2. g3 g6 3. Bg2 Bg7 4. Nf3 0-0 5. b3 d5 6. Bb2 Nc6 7. a3 b6 8. 0-0 Bb7 9. Nbd2 e6 10. Re1 Ne7 11. Rc1 c5 12. c3 Qc7 13. Ne5 Nc6 14. Ndf3 Nd7 15. Nxc6 Bxc6 16. Nd2 Rac8 17. e4 Qb7 18. e5 h6 19. Qg4 Kh8 20. Nf3 Rg8 21. Qh4 Bf8 22. Rcd1 Kg7 23. Bc1 Rh8 24. Qg4 Be7 25. h4 h5 26. Qf4 a5 27. Qd2 a4 28. b4 cxb4 29. cxb4 Bb5 30. Qb2 Rc7 31. Be3 Nb8 32. Ng5 Rhc8 33. Rc1 Bd3 34. Rxc7 Rxc7 35. Qd2 Bf5 36. Rc1 Rxc1+ 37. Qxc1 Qc6 38. Qxc6 Nxc6 39. Bf1 Bxb4 40. axb4 Nxb4 41. Bc1 Nc2 42. Nf3 a3 43. Nd2 a2 44. Nb3 a1Q 45. Nxa1 Nxa1 46. Bb2 Nb3 47. Ba6 Nd2 48. Bc3 Nc4 49. Kg2 Bd3 50. Bxc4 dxc4 51. Kf3 f6 52. exf6+ Kxf6 53. Kf4 Ke7 54. Ke5 Kd7 55. d5 exd5 56. Kxd5 Kc7 57. Bb4 Kb7 58. Kd4 Kc6 59. Kc3 Kd5 60. Be7 1/2-1/2

[Event "Budapest Rakosmente op 19th"]
[Site "Budapest"]
[Date "2021.07.02"]
[Round "2"]
[White "Safar, Istvan"]
[Black "Gubics, Peter"]
[Result "0-1"]
[WhiteElo "1677"]
[BlackElo "2041"]
[PlyCount "90"]
[EventDate "2021.07.01"]
[EventType "swiss"]
[EventRounds "6"]
[EventCountry "HUN"]
[SourceTitle "CBM 203 Extra"]
[Source "ChessBase"]
[SourceDate "2021.09.30"]
[SourceVersion "1"]
[SourceVersionDate "2021.09.30"]
[SourceQuality "1"]

1. d4 Nf6 2. g3 g6 3. Bg2 Bg7 4. Nf3 0-0 5. 0-0 c5 6. c3 d6 7. Bf4 Nbd7 8. Re1 Qc7 9. e4 e5 10. dxe5 dxe5 11. Bg5 c4 12. Bxf6 Bxf6 13. Nbd2 b5 14. Qc2 Nc5 15. Bf1 Rd8 16. h4 Bg4 17. Nh2 Be6 18. Rac1 Be7 19. Ndf3 f6 20. Nd2 Bf8 21. Rcd1 Nd3 22. Re3 Bc5 23. Rf3 Nxf2 24. Rxf2 Qb6 25. Nxc4 bxc4 26. Re1 Bxf2+ 27. Qxf2 Qxf2+ 28. Kxf2 Rd2+ 29. Be2 Rxb2 30. Rd1 Kf7 31. Ke3 Ke7 32. Nf1 Rxe2+ 33. Kxe2 Bg4+ 34. Ke1 Bxd1 35. Kxd1 Kd6 36. Ne3 Kc5 37. Ng4 Rd8+ 38. Kc2 Rd6 39. Nh6 Rd3 40. g4 Rg3 41. Kb2 Kd6 42. g5 fxg5 43. Nf7+ Ke7 44. Nxg5 h6 45. Nh7 Kf7 0-1

[Event "Budapest Art Pub Cup 8th"]
[Site "Budapest"]
[Date "2015.07.10"]
[Round "2"]
[White "Kovacs, Gabor Etele"]
[Black "Safar, Istvan"]
[Result "1-0"]
[WhiteElo "1949"]
[BlackElo "1728"]
[PlyCount "113"]
[EventDate "2015.07.09"]
[EventType "swiss"]
[EventRounds "7"]
[EventCountry "HUN"]
[SourceTitle "CBM 167 Extra"]
[Source "ChessBase"]
[SourceDate "2015.09.14"]
[SourceVersion "1"]
[SourceVersionDate "2015.09.14"]
[SourceQuality "1"]

1. e4 c5 2. c3 g6 3. d4 b6 4. Be3 d6 5. Bc4 e6 6. Nf3 Bb7 7. Nbd2 Nd7 8. 0-0 Bg7 9. Bf4 Qc7 10. Ng5 Ngf6 11. Bxe6 0-0 12. Bxd7 Qxd7 13. d5 Nh5 14. Be3 h6 15. Nh3 Rae8 16. f3 Bxd5 17. Bxh6 Bxh6 18. exd5 Nf4 19. Nxf4 Bxf4 20. a4 Kg7 21. Ne4 Rh8 22. h3 Rxh3 23. gxh3 Qxh3 24. Qe2 Rh8 25. Qg2 Bh2+ 26. Kf2 Qh4+ 27. Ke2 f5 28. Nd2 Re8+ 29. Kd1 Bf4 30. Rg1 Qf6 31. Re1 Rh8 32. Rh1 Re8 33. Qh3 Qe5 34. Qh7+ Kf6 35. Qh4+ Bg5 36. Qf2 Qxd5 37. Re1 Rh8 38. Qe2 Kg7 39. f4 Bf6 40. Qe6 Qc6 41. Rg1 Rh5 42. Qe2 Rh4 43. Ra3 Rxf4 44. a5 b5 45. Qg2 Qe8 46. c4 b4 47. Qb7+ Be7 48. Ra1 Kf6 49. Re1 a6 50. Qxa6 Qh8 51. Qb7 Qh5+ 52. Kc1 Re4 53. Nxe4+ fxe4 54. Rf1+ Ke6 55. Qd5+ Qxd5 56. cxd5+ Kxd5 57. a6 1-0

[Event "Budapest Art Pub Cup 8th"]
[Site "Budapest"]
[Date "2015.07.09"]
[Round "1"]
[White "Safar, Istvan"]
[Black "Marta, Dominik"]
[Result "0-1"]
[WhiteElo "1728"]
[BlackElo "2097"]
[PlyCount "78"]
[EventDate "2015.07.09"]
[EventType "swiss"]
[EventRounds "7"]
[EventCountry "HUN"]
[SourceTitle "CBM 167 Extra"]
[Source "ChessBase"]
[SourceDate "2015.09.14"]
[SourceVersion "1"]
[SourceVersionDate "2015.09.14"]
[SourceQuality "1"]

1. d4 Nf6 2. g3 g6 3. Bg2 Bg7 4. Nf3 0-0 5. 0-0 d6 6. c3 Nbd7 7. Re1 e5 8. dxe5 dxe5 9. Bg5 h6 10. Bxf6 Qxf6 11. Nbd2 Nb6 12. Qc2 Rd8 13. Rad1 Bf5 14. e4 Bg4 15. h3 Be6 16. b3 a5 17. a4 Bf8 18. Nf1 Bxh3 19. Rxd8 Rxd8 20. Rd1 Bg4 21. Rxd8 Qxd8 22. Nxe5 Bd1 23. Qb1 Bg7 24. Ne3 Bxb3 25. Qxb3 Bxe5 26. Nc4 Nxc4 27. Qxc4 Qd2 28. f4 Bxc3 29. Qxc7 Bd4+ 30. Kh2 Qd1 31. Qxa5 g5 32. Bf1 gxf4 33. gxf4 Be3 34. Bg2 Bxf4+ 35. Kh3 Qb3+ 36. Kh4 Qg3+ 37. Kh5 Qxg2 38. Qd8+ Kh7 39. Qf6 Qf3+ 0-1